Chè Lam trong văn hóa ẩm thực huyện Thạch Thất

Một số vấn đề chung. Đặc sản Chè Lam – Nét văn hóa ẩm thực của người dân huyện Thạch Thất. Phương hướng bảo tồn, phát triển làng nghề và thương hiệu Chè Lam Thạch Thất – Hà Nội

Kaydedildi:
Detaylı Bibliyografya
Yazar: Nguyễn Thị Ngân
Diğer Yazarlar: Lương Vĩnh An (Hướng dẫn)
Materyal Türü: Kitap
Dil:Vietnamese
Baskı/Yayın Bilgisi: Đà Nẵng Đại học Sư phạm, Đại học Đà Nẵng 2013
Konular:
Etiketler: Etiketle
Etiket eklenmemiş, İlk siz ekleyin!
Thư viện lưu trữ: Mạng thư viện Đại học Đà Nẵng
LEADER 01707nam a2200373 4500
001 000018919
003 15354
005 20140311100315.0
008 140219s2013 viesd
041 |a vie 
072 |a VHH 
082 1 4 |a 394.12  |b NG-N 
100 1 |a Nguyễn Thị Ngân 
245 1 0 |a Chè Lam trong văn hóa ẩm thực huyện Thạch Thất  |c Nguyễn Thị Ngân ; Lương Vĩnh An hướng dẫn  |k Khóa luận tốt nghiệp 
260 |a Đà Nẵng  |b Đại học Sư phạm, Đại học Đà Nẵng  |c 2013 
300 |a 71 tr., phụ lục 7 tr.  |b Hình mh.  |c 29 cm. 
500 |a Khóa luận tốt nghiệp đại học. Chuyên ngành: Cử nhân Văn hóa học 
520 |a Một số vấn đề chung. Đặc sản Chè Lam – Nét văn hóa ẩm thực của người dân huyện Thạch Thất. Phương hướng bảo tồn, phát triển làng nghề và thương hiệu Chè Lam Thạch Thất – Hà Nội 
650 0 4 |a Văn hóa ẩm thực  |v Khóa luận tốt nghiệp  |x Chè lam  |z Hà Nội (Thạch Thất) 
653 |a Văn hóa ẩm thực 
653 |a Khoa Ngữ văn 
653 |a Chè Lam 
653 |a Huyện Thạch Thất 
700 1 |a Lương Vĩnh An  |e Hướng dẫn 
OWN |a LSP 
AVA |a UDN50  |b LSP  |d 394.12 NG-N  |e available  |t Error 5001 Not defined in file expand_doc_bib_avail.  |f 1  |g 0  |h N  |i 0  |k 1 
999 |a From the UDN01 
AVA |a UDN50  |b LSP  |d 394.12 NG-N  |e available  |t Error 5001 Not defined in file expand_doc_bib_avail.  |f 1  |g 0  |h N  |i 0  |k 1 
TYP |a Monograph 
TYP |a Printed language 
980 |a Mạng thư viện Đại học Đà Nẵng